[Event "VIE-ch"]
[Site "Tinh Bac Giang"]
[Date "2022.02.28"]
[Round "9"]
[White "Duong, The Anh"]
[Black "Bao, Khoa"]
[Result "1/2-1/2"]
[WhiteElo "2319"]
[BlackElo "2268"]
[PlyCount "40"]
[EventDate "2022.02.28"]
[EventType "swiss"]
[EventRounds "9"]
[EventCountry "VIE"]
[SourceTitle "CBM 207 Extra"]
[Source "ChessBase"]
[SourceDate "2022.05.31"]
[SourceVersion "1"]
[SourceVersionDate "2022.05.31"]
[SourceQuality "1"]

1. d4 Nf6 2. c4 g6 3. Nc3 Bg7 4. e4 d6 5. Be2 0-0 6. Bg5 c5 7. d5 a6 8. a4 e6 9. Qd2 exd5 10. exd5 Re8 11. Nf3 Bg4 12. 0-0 Nbd7 13. h3 Bxf3 14. Bxf3 Qa5 15. Qc2 h6 16. Bd2 Qc7 17. Rae1 Rxe1 18. Rxe1 Re8 19. Rxe8+ Nxe8 20. Be2 Nf8 1/2-1/2

[Event "VIE-ch"]
[Site "Ho Chi Minh City"]
[Date "2021.03.25"]
[Round "3"]
[White "Bao, Khoa"]
[Black "Tran, Dang Minh Quang"]
[Result "1-0"]
[WhiteElo "2282"]
[BlackElo "2077"]
[PlyCount "59"]
[EventDate "2021.03.24"]
[EventType "swiss"]
[EventRounds "9"]
[EventCountry "VIE"]
[SourceTitle "EXT 2022"]
[Source "ChessBase"]
[SourceDate "2021.10.06"]
[SourceVersion "1"]
[SourceVersionDate "2021.10.06"]
[SourceQuality "1"]

1. d4 d5 2. c4 c6 3. Nf3 Nf6 4. Nc3 e6 5. e3 Nbd7 6. Bd3 Bd6 7. 0-0 0-0 8. e4 dxc4 9. Bxc4 e5 10. Bg5 Qc7 11. d5 c5 12. Nb5 Qb8 13. Re1 Ne8 14. a4 a6 15. Nc3 b6 16. Qe2 Ndf6 17. Nh4 Ra7 18. h3 h6 19. Bd2 Be7 20. f4 Nxd5 21. exd5 Bxh4 22. fxe5 Bxe1 23. Rxe1 Bf5 24. Bxa6 Re7 25. g4 Bg6 26. Qh2 f6 27. e6 Nd6 28. Bf4 Rd8 29. Bxd6 Rxd6 30. Bc4 1-0

[Event "VIE-ch"]
[Site "Ho Chi Minh City"]
[Date "2021.03.25"]
[Round "2"]
[White "Tran, Tuan Minh"]
[Black "Bao, Khoa"]
[Result "1-0"]
[WhiteElo "2522"]
[BlackElo "2282"]
[PlyCount "47"]
[EventDate "2021.03.24"]
[EventType "swiss"]
[EventRounds "9"]
[EventCountry "VIE"]
[SourceTitle "EXT 2022"]
[Source "ChessBase"]
[SourceDate "2021.10.06"]
[SourceVersion "1"]
[SourceVersionDate "2021.10.06"]
[SourceQuality "1"]

1. c4 e5 2. Nc3 Nf6 3. Nf3 Nc6 4. e3 Be7 5. a3 a5 6. Be2 0-0 7. 0-0 b6 8. d4 exd4 9. exd4 d5 10. Ne5 Bb7 11. Bf3 Na7 12. Bg5 Ne4 13. Bxe7 Qxe7 14. Nxd5 Bxd5 15. cxd5 Nd6 16. Re1 Qh4 17. Rc1 Nab5 18. a4 Nxd4 19. Bg4 N4f5 20. Rxc7 Rad8 21. g3 Qg5 22. h4 Qh6 23. Rc6 f6 24. Nc4 1-0

[Event "Ho Chi Minh City HD Bank op 9th"]
[Site "Ho Chi Minh City"]
[Date "2019.03.10"]
[Round "5"]
[White "Shyam, Nikil P"]
[Black "Bao, Khoa"]
[Result "1-0"]
[WhiteElo "2429"]
[BlackElo "2277"]
[PlyCount "65"]
[EventDate "2019.03.07"]
[EventType "swiss"]
[EventRounds "9"]
[EventCountry "VIE"]
[SourceTitle "CBM 189 Extra"]
[Source "ChessBase"]
[SourceDate "2019.06.03"]
[SourceVersion "1"]
[SourceVersionDate "2019.06.03"]
[SourceQuality "1"]

1. e4 c5 2. Nf3 d6 3. d4 cxd4 4. Nxd4 Nf6 5. Nc3 a6 6. h3 e5 7. Nb3 b5 8. Bg5 Be7 9. a4 b4 10. Bxf6 Bxf6 11. Nd5 Nc6 12. a5 Be6 13. Bc4 0-0 14. Qd3 Ra7 15. 0-0 Bxd5 16. Bxd5 Qc7 17. Ra4 Rb8 18. c3 Rb5 19. Qc4 Ne7 20. Bxf7+ Kf8 21. Qe6 bxc3 22. bxc3 Rb8 23. Rb4 Nc6 24. Rxb8+ Qxb8 25. Bh5 Re7 26. Qd5 Rb7 27. Nd2 Nd8 28. Be2 Qc7 29. Bxa6 Ra7 30. Bb5 Qxa5 31. Qxd6+ Be7 32. Qxe5 Rb7 33. Rb1 1-0

[Event "Ho Chi Minh City HD Bank op 9th"]
[Site "Ho Chi Minh City"]
[Date "2019.03.08"]
[Round "2"]
[White "Bao, Khoa"]
[Black "Soham, Datar"]
[Result "1-0"]
[WhiteElo "2277"]
[BlackElo "2122"]
[PlyCount "119"]
[EventDate "2019.03.07"]
[EventType "swiss"]
[EventRounds "9"]
[EventCountry "VIE"]
[SourceTitle "CBM 189 Extra"]
[Source "ChessBase"]
[SourceDate "2019.06.03"]
[SourceVersion "1"]
[SourceVersionDate "2019.06.03"]
[SourceQuality "1"]

1. d4 d5 2. Nf3 Nf6 3. c4 c6 4. Nc3 a6 5. e3 b5 6. b3 Bg4 7. Be2 e6 8. 0-0 Nbd7 9. h3 Bh5 10. Ne5 Bxe2 11. Qxe2 Nxe5 12. dxe5 Nd7 13. f4 bxc4 14. bxc4 Bc5 15. Na4 Ba7 16. Bd2 0-0 17. Kh2 dxc4 18. Rac1 f6 19. Rxc4 fxe5 20. Rxc6 exf4 21. exf4 e5 22. Bc3 Bb8 23. Rd1 Qe8 24. Qc4+ Kh8 25. Kh1 exf4 26. Re1 Be5 27. Nc5 Rc8 28. Bxe5 Nxe5 29. Rxc8 Qxc8 30. Rxe5 f3 31. Qf1 fxg2+ 32. Qxg2 Qb8 33. Nd7 Qb1+ 34. Kh2 Rd8 35. Re7 Qg6 36. Qxg6 hxg6 37. a4 a5 38. Kg3 Rc8 39. Ne5 Rc3+ 40. Kg4 Ra3 41. Re8+ Kh7 42. Nf7 g5 43. Nxg5+ Kh6 44. Re4 Ra1 45. Nf3 g6 46. h4 Ra2 47. Ne5 Rg2+ 48. Kf3 Rc2 49. Rc4 Rd2 50. Rc5 Rd4 51. Ng4+ Kg7 52. Rxa5 Rd3+ 53. Kf4 Rd4+ 54. Kg5 Rd7 55. Ne5 Rd6 56. Ra7+ Kg8 57. a5 Re6 58. Nxg6 Re4 59. Kh6 Re7 60. Nxe7+ 1-0

[Event "VIE-chB"]
[Site "Ba Dinh"]
[Date "2018.11.29"]
[Round "3"]
[White "Bao, Khoa"]
[Black "Duong, Thuong Cong"]
[Result "1-0"]
[WhiteElo "2277"]
[BlackElo "2007"]
[PlyCount "127"]
[EventDate "2018.11.28"]
[EventType "swiss"]
[EventRounds "9"]
[EventCountry "VIE"]
[SourceTitle "EXT 2021"]
[Source "ChessBase"]
[SourceDate "2020.10.23"]
[SourceVersion "1"]
[SourceVersionDate "2020.10.23"]
[SourceQuality "1"]

1. d4 d6 2. Nf3 Nf6 3. g3 c6 4. Bg2 g6 5. 0-0 Bg7 6. c4 0-0 7. Nc3 Qc7 8. h3 e5 9. e4 Rd8 10. Be3 Nbd7 11. Qc2 b5 12. dxe5 dxe5 13. c5 Nf8 14. Rfd1 Be6 15. b4 Rxd1+ 16. Rxd1 a5 17. a3 axb4 18. axb4 Ne8 19. Bc1 h6 20. Bb2 g5 21. Kh2 Qc8 22. Ne2 Ng6 23. Nc1 f6 24. Nd2 h5 25. Nf1 Ra4 26. Bc3 g4 27. Ne3 Ne7 28. hxg4 hxg4 29. Rd3 Kf7 30. Nb3 Nc7 31. Na5 Ra2 32. Qd1 Na6 33. Rd6 Rxf2 34. Kg1 Ra2 35. Nf5 Bxf5 36. exf5 Ra3 37. Rd7 Nb8 38. Rd8 Qxf5 39. Nb7 Qe6 40. Rxb8 Kg6 41. Be4+ Kh5 42. Be1 f5 43. Bg2 Ng6 44. Nd8 Qc4 45. Rb7 Rd3 46. Qb1 Bh6 47. Nxc6 e4 48. Rh7 Qg8 49. Rxh6+ Kxh6 50. Bf1 Qd5 51. Bxd3 exd3 52. Qc1+ Kh7 53. Qg5 Qxc6 54. Qh5+ Kg8 55. Qxf5 Qe8 56. Bd2 Ne5 57. Kf2 Qf7 58. Qxf7+ Kxf7 59. Ke3 Ke6 60. Bc3 Nc6 61. Kxd3 Kd5 62. Ke3 Kc4 63. Be1 Ne5 64. Ke4 1-0

[Event "VIE-ch"]
[Site "Ho Chi Minh City"]
[Date "2018.04.30"]
[Round "6"]
[White "Bao, Khoa"]
[Black "Vo, Thanh Ninh"]
[Result "0-1"]
[WhiteElo "2294"]
[BlackElo "2360"]
[PlyCount "128"]
[EventDate "2018.04.27"]
[EventType "swiss"]
[EventRounds "9"]
[EventCountry "VIE"]
[SourceTitle "CBM 184 Extra"]
[Source "ChessBase"]
[SourceDate "2018.06.28"]
[SourceVersion "1"]
[SourceVersionDate "2018.06.28"]
[SourceQuality "1"]

1. d4 Nf6 2. Nf3 g6 3. Bf4 Bg7 4. e3 d6 5. h3 0-0 6. Be2 Nc6 7. 0-0 e5 8. dxe5 Ne4 9. c3 dxe5 10. Bh2 Qe7 11. Nbd2 Rd8 12. Qc2 Nxd2 13. Nxd2 Bf5 14. e4 Bxh3 15. Rad1 Be6 16. Nc4 b5 17. Ne3 Qc5 18. b4 Qb6 19. Nd5 Bxd5 20. exd5 Ne7 21. Bf3 Rab8 22. Rfe1 f6 23. a4 a5 24. Qa2 Kh8 25. axb5 axb4 26. c4 Nf5 27. Rb1 Qc5 28. Qd2 Nd4 29. Rxb4 Nc2 30. Qxc2 Qxb4 31. Rb1 Qc5 32. g4 Bh6 33. Kg2 Ra8 34. Bg3 Ra3 35. Be4 Kg7 36. Rb3 Ra1 37. Qc3 Rc1 38. Bc2 Ra8 39. b6 cxb6 40. Bxe5 fxe5 41. Qxe5+ Kg8 42. Bxg6 Rf8 43. Bf5 Rf7 44. Rh3 Bf8 45. Rxh7 Rxh7 46. Be6+ Rf7 47. Qf5 Qe7 48. d6 Qxe6 49. Qxe6 Rd1 50. d7 Rdxd7 51. Qxb6 Rd6 52. Qe3 Rdf6 53. f3 Bh6 54. Qe8+ Bf8 55. Qe4 Rf4 56. Qd5 R4f6 57. Qg5+ Bg7 58. Qd5 Bh6 59. Qd8+ Kg7 60. Qd5 Bf4 61. Qe4 Rd6 62. c5 Rd2+ 63. Kf1 Ra7 64. Qb1 Be5 0-1

[Event "VIE-ch"]
[Site "Ho Chi Minh City"]
[Date "2018.04.27"]
[Round "2"]
[White "Bao, Khoa"]
[Black "Nguyen, Van Huy"]
[Result "1-0"]
[WhiteElo "2294"]
[BlackElo "2462"]
[PlyCount "71"]
[EventDate "2018.04.27"]
[EventType "swiss"]
[EventRounds "9"]
[EventCountry "VIE"]
[SourceTitle "CBM 184 Extra"]
[Source "ChessBase"]
[SourceDate "2018.06.28"]
[SourceVersion "1"]
[SourceVersionDate "2018.06.28"]
[SourceQuality "1"]

1. d4 Nf6 2. Nf3 d5 3. c4 e6 4. Nc3 dxc4 5. e4 Bb4 6. Bg5 c5 7. e5 cxd4 8. exf6 gxf6 9. Bh4 Nc6 10. Nxd4 Nxd4 11. Bxc4 Be7 12. Bd3 Bd7 13. Qg4 Qb6 14. Qg7 0-0-0 15. Qxf7 Bc5 16. 0-0 Rdf8 17. Qh5 f5 18. Rac1 Bc6 19. Na4 Bxa4 20. Be7 Bc6 21. Bxc5 Qxb2 22. Bxf8 Rxf8 23. Qxh7 Qxa2 24. Bc4 Qa3 25. Rfd1 Rd8 26. Qh6 Qe7 27. Qe3 e5 28. Re1 Re8 29. Bd5 Kb8 30. Bxc6 Nxc6 31. Qf3 Qe6 32. Rc5 Rd8 33. h3 a6 34. Rb1 Rd6 35. h4 Qf7 36. Rxc6 1-0

[Event "VIE-ch"]
[Site "Ho Chi Minh City"]
[Date "2018.04.27"]
[Round "1"]
[White "Nguyen, Quang Trung"]
[Black "Bao, Khoa"]
[Result "0-1"]
[WhiteElo "1805"]
[BlackElo "2294"]
[PlyCount "76"]
[EventDate "2018.04.27"]
[EventType "swiss"]
[EventRounds "9"]
[EventCountry "VIE"]
[SourceTitle "CBM 184 Extra"]
[Source "ChessBase"]
[SourceDate "2018.06.28"]
[SourceVersion "1"]
[SourceVersionDate "2018.06.28"]
[SourceQuality "1"]

1. Nf3 Nf6 2. d4 e6 3. e3 b6 4. c4 Bb7 5. Bd3 Be7 6. Nc3 c5 7. 0-0 0-0 8. b3 d5 9. Bb2 dxc4 10. Bxc4 a6 11. a4 Nc6 12. dxc5 Bxc5 13. Qc2 Qe7 14. Ne4 Nb4 15. Nxf6+ Qxf6 16. Qe2 Qg6 17. Rfd1 Rfd8 18. Ne1 Kf8 19. Bc3 Ke7 20. h3 a5 21. Qg4 Qxg4 22. hxg4 f6 23. Kf1 Bd5 24. Bxd5 Nxd5 25. Bb2 e5 26. Nc2 Rac8 27. Na3 Bxe3 28. fxe3 Nxe3+ 29. Ke2 Nxd1 30. Rxd1 Rxd1 31. Kxd1 Kd6 32. Kd2 Kc5 33. Bc3 Rd8+ 34. Ke2 e4 35. Nc2 Rd3 36. b4+ Kc4 37. Be1 axb4 38. Bxb4 Kb3 0-1

[Event "VIE-chT"]
[Site "Ho Chi Minh City"]
[Date "2017.07.28"]
[Round "7.9"]
[White "Hoang, Canh Huan"]
[Black "Bao, Khoa"]
[Result "1/2-1/2"]
[WhiteElo "2408"]
[BlackElo "2239"]
[PlyCount "115"]
[EventDate "2017.07.24"]
[EventType "team-swiss"]
[EventRounds "9"]
[EventCountry "VIE"]
[SourceTitle "EXT 2019"]
[Source "ChessBase"]
[SourceDate "2018.10.10"]
[SourceVersion "1"]
[SourceVersionDate "2018.10.10"]
[SourceQuality "1"]

1. e4 c5 2. Nf3 d6 3. Nc3 a6 4. d4 cxd4 5. Nxd4 Nf6 6. Be3 Ng4 7. Bc1 g6 8. f3 Nf6 9. Be3 Bg7 10. Qd2 Nc6 11. 0-0-0 Nxd4 12. Bxd4 Be6 13. g4 Qa5 14. a3 0-0 15. h4 Rfc8 16. h5 b5 17. hxg6 hxg6 18. g5 Nh5 19. Bxg7 Kxg7 20. Qd4+ Kg8 21. f4 Rab8 22. f5 b4 23. axb4 Rxb4 24. Qe3 Bc4 25. Bh3 Rcb8 26. fxg6 fxg6 27. b3 Bf7 28. Bg4 Ng7 29. Qh3 Qxg5+ 30. Kb2 Bxb3 31. cxb3 Rxb3+ 32. Kc2 Rxc3+ 33. Qxc3 Qxg4 34. Qc4+ Qe6 35. Qxe6+ Nxe6 36. e5 Rc8+ 37. Kb2 dxe5 38. Rd5 Rc5 39. Rxc5 Nxc5 40. Kc3 Ne4+ 41. Kc4 Nf6 42. Re1 e4 43. Kd4 Kg7 44. Ke5 Kh6 45. Rh1+ Kg5 46. Rg1+ Kh6 47. Rh1+ Kg7 48. Kf4 Kf7 49. Ra1 Ke6 50. Rxa6+ Kd5 51. Ra5+ Kc4 52. Ra4+ Kc5 53. Ra5+ Kd4 54. Ra4+ Kc3 55. Ra3+ Kb4 56. Ra1 Kb3 57. Rg1 Kc4 58. Ke3 1/2-1/2

[Event "VIE-chT"]
[Site "Ho Chi Minh City"]
[Date "2017.07.27"]
[Round "6.18"]
[White "Mai, Le Khoi Nguyen"]
[Black "Bao, Khoa"]
[Result "0-1"]
[WhiteElo "2007"]
[BlackElo "2239"]
[PlyCount "94"]
[EventDate "2017.07.24"]
[EventType "team-swiss"]
[EventRounds "9"]
[EventCountry "VIE"]
[SourceTitle "EXT 2019"]
[Source "ChessBase"]
[SourceDate "2018.10.10"]
[SourceVersion "1"]
[SourceVersionDate "2018.10.10"]
[SourceQuality "1"]

1. e4 c5 2. Nf3 e6 3. d4 cxd4 4. Nxd4 Nf6 5. Nc3 Nc6 6. a3 Qc7 7. Ndb5 Qb8 8. Bg5 a6 9. Nd4 Nxe4 10. Nxc6 Nxc3 11. Nxb8 Nxd1 12. Nxd7 Bxd7 13. Rxd1 Bc6 14. f3 Rc8 15. Bd3 Bc5 16. Ke2 Bd4 17. c3 Be5 18. Rd2 f6 19. Be3 Kf7 20. Kf2 Ba4 21. Be4 Rhd8 22. Rxd8 Rxd8 23. f4 Bd6 24. h4 h5 25. f5 Bc6 26. fxe6+ Kxe6 27. Bf3 Bxf3 28. Kxf3 Be5 29. Re1 Kf5 30. Rg1 Rd3 31. Ke2 Ke4 32. Bf2 Bf4 33. Be1 Re3+ 34. Kd1 g5 35. g3 Be5 36. Bf2 Rd3+ 37. Ke2 g4 38. a4 f5 39. a5 f4 40. Ra1 f3+ 41. Ke1 Rd5 42. c4 Bxb2 43. cxd5 Bxa1 44. d6 Bc3+ 45. Kf1 Bxa5 46. Ba7 Kd5 47. Bb8 Kc6 0-1

[Event "VIE-chT"]
[Site "Ho Chi Minh City"]
[Date "2017.07.26"]
[Round "4.13"]
[White "Nguyen, Huynh Minh Thien"]
[Black "Bao, Khoa"]
[Result "0-1"]
[WhiteElo "1778"]
[BlackElo "2239"]
[PlyCount "110"]
[EventDate "2017.07.24"]
[EventType "team-swiss"]
[EventRounds "9"]
[EventCountry "VIE"]
[SourceTitle "EXT 2019"]
[Source "ChessBase"]
[SourceDate "2018.10.10"]
[SourceVersion "1"]
[SourceVersionDate "2018.10.10"]
[SourceQuality "1"]

1. Nf3 c5 2. g3 g6 3. Bg2 Bg7 4. d4 cxd4 5. Nxd4 Nc6 6. Nxc6 bxc6 7. 0-0 Rb8 8. c3 Qc7 9. Qc2 Nf6 10. Nd2 0-0 11. b3 d5 12. Bb2 e5 13. e4 Re8 14. Rfe1 a5 15. a3 Bh6 16. b4 a4 17. Rad1 Qa7 18. exd5 cxd5 19. Nf3 Bf5 20. Qe2 e4 21. Nd4 Bg4 22. Qc2 Bxd1 23. Qxd1 Rbc8 24. Bh3 Ra8 25. c4 dxc4 26. Nb5 Qb6 27. Qd6 Qxd6 28. Nxd6 Nd5 29. Nxe8 Rxe8 30. Bd7 Rd8 31. Bxa4 c3 32. Ba1 Bd2 33. Rxe4 Ra8 34. b5 Nb6 35. Bc2 Rxa3 36. Bxc3 Bxc3 37. Re8+ Kg7 38. Rb8 Bd4 39. Rd8 Bc5 40. Rd3 Rxd3 41. Bxd3 Kf6 42. Kf1 Ke5 43. f3 f5 44. Ke2 Kd4 45. h3 Nd5 46. Bc2 Nc3+ 47. Kf2 Nxb5 48. Kg2 Ke3 49. Bb3 g5 50. Bg8 h6 51. Bd5 Nd4 52. h4 gxh4 53. gxh4 Kf4 54. h5 Kg5 55. Bf7 Ne2 0-1

[Event "VIE-chT"]
[Site "Ho Chi Minh City"]
[Date "2017.07.25"]
[Round "3.5"]
[White "Bao, Khoa"]
[Black "Nguyen, Anh Khoi"]
[Result "0-1"]
[WhiteElo "2239"]
[BlackElo "2424"]
[PlyCount "70"]
[EventDate "2017.07.24"]
[EventType "team-swiss"]
[EventRounds "9"]
[EventCountry "VIE"]
[SourceTitle "EXT 2019"]
[Source "ChessBase"]
[SourceDate "2018.10.10"]
[SourceVersion "1"]
[SourceVersionDate "2018.10.10"]
[SourceQuality "1"]

1. d4 Nf6 2. c4 g6 3. Nc3 Bg7 4. g3 0-0 5. Bg2 d6 6. e4 Nc6 7. Nge2 a6 8. 0-0 Rb8 9. Rb1 Na5 10. c5 c6 11. Qc2 b5 12. b3 dxc5 13. dxc5 e5 14. Nd1 Qc7 15. f4 Re8 16. h3 exf4 17. Bxf4 Qa7 18. Ne3 b4 19. Bxb8 Qxb8 20. Nc4 Nxc4 21. Qxc4 a5 22. Rbd1 Qa7 23. e5 Ba6 24. Qd4 Bxe2 25. exf6 Bf8 26. Rc1 Bxf1 27. Kxf1 Qc7 28. Qf2 Re5 29. g4 Qd8 30. Bxc6 Qd3+ 31. Kg1 Bh6 32. Re1 Be3 33. Rxe3 Rxe3 34. Qf4 Qd1+ 35. Kh2 Qd2+ 0-1

[Event "VIE-chT"]
[Site "Ho Chi Minh City"]
[Date "2017.07.24"]
[Round "1.22"]
[White "Bao, Khoa"]
[Black "Pham, Minh Hieu1111"]
[Result "1-0"]
[WhiteElo "2239"]
[BlackElo "2025"]
[PlyCount "45"]
[EventDate "2017.07.24"]
[EventType "team-swiss"]
[EventRounds "9"]
[EventCountry "VIE"]
[SourceTitle "EXT 2019"]
[Source "ChessBase"]
[SourceDate "2018.10.10"]
[SourceVersion "1"]
[SourceVersionDate "2018.10.10"]
[SourceQuality "1"]

1. d4 d5 2. c4 e6 3. Nc3 Nf6 4. Nf3 Nbd7 5. Bg5 Be7 6. e3 c6 7. Qc2 h6 8. Bh4 0-0 9. Rd1 Re8 10. a3 a5 11. Bd3 Nh5 12. Bg3 Nxg3 13. hxg3 Nf6 14. e4 dxe4 15. Nxe4 Qc7 16. Qe2 Nd7 17. g4 a4 18. Kf1 Qf4 19. g5 Bxg5 20. Nfxg5 hxg5 21. g3 Qc7 22. Qh5 f6 23. Qxe8+ 1-0

[Event "VIE-ch"]
[Site "Hanoi"]
[Date "2017.04.18"]
[Round "3"]
[White "Le, Minh Hoang"]
[Black "Bao, Khoa"]
[Result "0-1"]
[WhiteElo "2211"]
[BlackElo "2239"]
[PlyCount "96"]
[EventDate "2017.04.16"]
[EventType "swiss"]
[EventRounds "11"]
[EventCountry "VIE"]
[SourceTitle "CBM 178 Extra"]
[Source "ChessBase"]
[SourceDate "2017.06.22"]
[SourceVersion "1"]
[SourceVersionDate "2017.06.22"]
[SourceQuality "1"]

1. e4 c5 2. Nf3 a6 3. g3 Nc6 4. Bg2 g6 5. 0-0 Bg7 6. c3 e5 7. d3 d6 8. Be3 Nf6 9. h3 0-0 10. Nbd2 Re8 11. a4 Rb8 12. Nh4 Nh5 13. Nf5 Bxf5 14. exf5 Ne7 15. fxg6 hxg6 16. Ne4 Nf6 17. Ng5 Qd7 18. Bd2 d5 19. Re1 Nc6 20. Qc2 Qf5 21. g4 Qd7 22. f4 c4 23. dxc4 dxc4 24. Rad1 Qc7 25. f5 Ne7 26. fxg6 Nxg6 27. Be3 Rbd8 28. Qf2 Rd3 29. Bf1 Rd5 30. Rxd5 Nxd5 31. Bxc4 Ndf4 32. Bf1 Qc6 33. h4 Bf6 34. Nf3 Re6 35. g5 Bg7 36. a5 Nh5 37. Rd1 Re8 38. Bh3 Ngf4 39. Bg4 Qa4 40. Rd7 Ne2+ 41. Kh2 Qxg4 42. Rxb7 Nhf4 43. Bxf4 exf4 44. g6 Qxg6 45. Ng5 f6 46. Nh3 Bh6 47. h5 Qxh5 48. Qb6 Qg4 0-1

[Event "VIE-ch"]
[Site "Ho Chi Minh City"]
[Date "2015.04.23"]
[Round "9"]
[White "Bao, Khoa"]
[Black "Duong, The Anh"]
[Result "1/2-1/2"]
[WhiteElo "2237"]
[BlackElo "2340"]
[PlyCount "35"]
[EventDate "2015.04.18"]
[EventType "swiss"]
[EventRounds "11"]
[EventCountry "VIE"]
[SourceTitle "CBM 166 Extra"]
[Source "ChessBase"]
[SourceDate "2015.06.18"]
[SourceVersion "1"]
[SourceVersionDate "2015.06.18"]
[SourceQuality "1"]

1. Nf3 e6 2. c4 d5 3. d4 c6 4. Qc2 Bd6 5. g3 f5 6. Bg2 Nf6 7. 0-0 0-0 8. b3 Qe7 9. Bf4 Bxf4 10. gxf4 Bd7 11. Nbd2 Be8 12. cxd5 cxd5 13. Rfc1 Nc6 14. Qc5 Qd8 15. e3 a6 16. Ng5 Bf7 17. b4 h6 18. Ngf3 1/2-1/2

[Event "VIE-ch"]
[Site "Ho Chi Minh City"]
[Date "2015.04.18"]
[Round "1"]
[White "Bao, Khoa"]
[Black "Nguyen, Quoc Hy"]
[Result "1-0"]
[WhiteElo "2237"]
[BlackElo "1591"]
[PlyCount "87"]
[EventDate "2015.04.18"]
[EventType "swiss"]
[EventRounds "11"]
[EventCountry "VIE"]
[SourceTitle "CBM 166 Extra"]
[Source "ChessBase"]
[SourceDate "2015.06.18"]
[SourceVersion "1"]
[SourceVersionDate "2015.06.18"]
[SourceQuality "1"]

1. d4 Nf6 2. Nf3 g6 3. c4 c5 4. g3 Bg7 5. Bg2 cxd4 6. 0-0 Nc6 7. Nxd4 Nxd4 8. Qxd4 d6 9. Bg5 0-0 10. Qd2 Bf5 11. Nc3 Rc8 12. b3 Qd7 13. Rfd1 Rfd8 14. Rac1 Rc5 15. Be3 Rcc8 16. Bxa7 Bh3 17. Bh1 Qf5 18. Bb6 Rd7 19. Nd5 Ng4 20. Nf4 e5 21. Nxh3 Qh5 22. f3 Nf6 23. Bg2 e4 24. Qg5 Qxg5 25. Nxg5 Bh6 26. h4 exf3 27. exf3 Nh5 28. Kf2 Re7 29. Re1 Re5 30. f4 Rf5 31. Bh3 Bxg5 32. Bxf5 gxf5 33. hxg5 Rc6 34. Re8+ Kg7 35. Bd4+ f6 36. gxf6+ Kg6 37. Rce1 Ra6 38. f7 Rxa2+ 39. Kf3 Kxf7 40. R1e7+ Kg6 41. Rg8+ Kh6 42. Re6+ Nf6 43. Rxf6+ Kh5 44. Rg5# 1-0